00649nam a22001457a 4500999001900000008004100019100002600060245006800086260001900154300003200173520025900205773001800464906001400482942000700496 c518687d518687211008b ||||| |||| 00| 0 eng d aDhar, Daipayan929798 aAn essay on economic inequality: Genesis of envy and happiness  aArtha Vijnana  a63(2), Mar, 2021: p.194-208 aWith the recent advancement in economics the idea of rationality has been redesigned to analyses the human behavior when it comes to decisions making. At present it is also trying to understand various aspects such as envy and happiness. – Reproduced  aArtha Vijnana aHAPPINESS cAR